000 04484nam a22003257i 4500
001 TCPA 86
003 gtcocun
005 20250818211513.0
006 a||||gr|||| 00| 0
007 ta
008 250818b2019 gt ||||| |||| 00| 0 eng d
040 _agtcocun
_bSPA
_cgtcocun
_eRDA
041 _aSPA
084 _0TCPA 86
100 _aPacay Mollinedo, Ingrid Noemí
_eAutor
245 _aInforme final del Ejercicio Profesional Supervisado, realizado en Asociacion para el Desarrollo Rural Integral, ubicada en Cobán, Alta Verapaz/
_cIngrid Noemí Pacay Mollinedo
_hImpreso
264 _aCobán, Alta Verapaz:
_bUniversidad de San Carlos de Guatemala, Centro Universitario del Norte, Licenciatura en Contaduría Pública y Auditoría.
_c2019
300 _a77 p.:
_bIlustraciones, gráficas.
_c28 cm; PDF
336 _2rdacontenido
_aTexto
_btxt
337 _2rdamedio
_aComputadora
_bn
338 _2rdasoporte
_aCódigo en línea
_bcr
502 _e.
502 _aTesis de grado
_bLicenciatura en Contaduría Pública y Auditoría.
_cUniversidad de San Carlos de Guatemala, Centro Universitario del Norte, Licenciatura en Contaduría Pública y Auditoría.
_d2019
_oTCPA 86
520 1 4 _aLa Universidad de San Carlos de Guatemala, por medio del Centro Universitario del Norte, promueve dentro de su catálogo de estudios la Carrera de Contaduría Pública y Auditoría, la cual para conferir cierre de pensum, es requisito realizar el Ejercicio Profesional Supervisado, el cual consiste en aplicar todos los conocimientos adquiridos mediante el análisis de la situación general de una empresa con el objeto de identificar alguna problemática y proporcionar alternativas de solución. Dicho proceso se realizó en Asociación para el Desarrollo Rural Integral, organización sin fines de lucro, que facilita el desarrollo integral comunitario, a través del fortalecimiento de capacidades y habilidades de las familias en el área donde interviene, en pro de su bienestar y mejores condiciones de vida y cuenta con una oficina central en Cobán, Alta Verapaz. El Ejercicio Profesional Supervisado comprendió varias etapas. La primera consistió en realizar el diagnóstico organizacional, para detectar las debilidades, que impiden alcanzar los objetivos eficazmente. Seguidamente se desarrollaron e implementaron tres actividades, con el propósito de dar soluciones viables a las principales problemáticas identificadas. Como primera actividad se realizó una auditoria especial a la cartera de microcréditos, la cual se basó en el análisis a los procesos de otorgamiento, liquidación y recuperación de los créditos, así como la evaluación al sistema de microcréditos en cuanto a la captura de información crediticia; con criterio y juicio se emitió opinión sin salvedad, derivado que en los registros contables se presenta razonablemente la cifra estructurada en los estados financieros. La segunda actividad desarrollada consistió en una evaluación presupuestaria al proyecto gobernanza ambiental municipal desde la perspectiva de la juventud, que mediante el análisis a la ejecución del presupuesto, se obtienen algunas variaciones en cuanto a lo programado contra lo realmente ejecutado, para lo cual se evaluaron los medios de verificación y cada una de las actividades planificadas y ejecutadas, y con ello se informa a la asociación sobre los resultados obtenidos y las recomendaciones al respecto, para mejoras e implementaciones en próximos proyectos de inversión y desarrollo. La implementación y diseño del manual de activos fijos fue la tercera actividad desarrollada, la que encierra los criterios y lineamientos necesarios para el registro, manejo y control de los activos fijos con los que cuenta la asociación, esto en virtud que la entidad no contaba con una guía normativa para regular los criterios, procesos y causales para la baja de activos fijos y todas las consideraciones necesarias para el manejo de dicho rubro, por lo que vino a ser una intervención provechosa para el departamento financiero y la organización en general.
650 _2LEMB
_xmicrocreditos
_xejecución presupuestaria
_xactivos fijos
_xmanual
700 _aLic. Carlos Abraham Sierra Alvarado
_eAsesor
856 _uhttps://drive.google.com/file/d/1TYwzEhLigRKADl1zmlIO73bFjGS-SbHU/view?usp=sharing
_yPDF
_zUn ejemplar en línea.
942 _2ddc
_cTES
_iTCPA_86
_kClasificación
_n0
_6TCPA__86
999 _c1179
_d1179